Моделирование финансирования социальной сферы РФ и анализ социальной политики (Запись № 10645879)
[ простой вид ]
| 000 -МАРКЕР | |
|---|---|
| контрольное поле | 01704nam1a2200313 i 4500 |
| 001 - ИДЕНТИФИКАТОР ЗАПИСИ | |
| контрольное поле | RU\NLR\BIBL_A\010914176 |
| 005 - ИДЕНТИФИКАТОР ВЕРСИИ | |
| контрольное поле | 20260405085628.0 |
| 035 ## - ДРУГИЕ СИСТЕМНЫЕ НОМЕРА | |
| Идентификатор записи | (NLR Aleph) 010914176 |
| 100 ## - ДАННЫЕ ОБЩЕЙ ОБРАБОТКИ | |
| Данные общей обработки | 20151109g20159999k y0rusy50 ca |
| 101 0# - ЯЗЫК РЕСУРСА | |
| Язык текста, звукозаписи и т.д. | русский |
| Язык резюме | английский |
| 102 ## - СТРАНА ПУБЛИКАЦИИ ИЛИ ПРОИЗВОДСТВА | |
| Страна публикации | Российская Федерация |
| 105 ## - ПОЛЕ КОДИРОВАННЫХ ДАННЫХ: ТЕКСТОВЫЕ МАТЕРИАЛЫ, МОНОГРАФИЧЕСКИЕ | |
| Кодированные данные о монографическом текстовом документе | ||||z ||||| |
| 200 1# - ЗАГЛАВИЕ И СВЕДЕНИЯ ОБ ОТВЕТСТВЕННОСТИ | |
| Основное заглавие | Моделирование финансирования социальной сферы РФ и анализ социальной политики |
| Первые сведения об ответственности | Е. Ю. Фаерман, Н. А. Тарасова, И. А. Васильева, К. А. Фонтана |
| 210 ## - ПУБЛИКАЦИЯ, РАСПРОСТРАНЕНИЕ И ДР. | |
| Место издания, распространения и т.д. | Москва |
| Имя издателя, распространителя и т. д. | ЦЭМИ РАН |
| Дата издания, распространения и т.д. | 2015 |
| 215 ## - ФИЗИЧЕСКАЯ ХАРАКТЕРИСТИКА | |
| Размеры | 21 |
| 225 1# - СЕРИЯ | |
| Основное заглавие серии | Препринт |
| Сведения об ответственности | Федер. гос. бюджет. учреждение науки Центр. экономико-математический ин-т РАН |
| Обозначение тома | ... |
| 606 1# - НАИМЕНОВАНИЕ ТЕМЫ КАК ПРЕДМЕТ | |
| Наименование темы | Социальная политика |
| Географический подзаголовок | Российская Федерация |
| Системный номер авторитетной/нормативной записи | 2073979 |
| Идентификатор авторитетной/нормативной записи | RU\NLR\AUTH\661248939 |
| 606 1# - НАИМЕНОВАНИЕ ТЕМЫ КАК ПРЕДМЕТ | |
| Наименование темы | Социальная сфера |
| Тематический подзаголовок | Финансирование |
| Географический подзаголовок | Российская Федерация |
| Системный номер авторитетной/нормативной записи | 2150219 |
| Идентификатор авторитетной/нормативной записи | RU\NLR\AUTH\661294995 |
| 686 1# - ИНДЕКСЫ ДРУГИХ КЛАССИФИКАЦИЙ | |
| Индекс | У27(2)2 |
| 686 1# - ИНДЕКСЫ ДРУГИХ КЛАССИФИКАЦИЙ | |
| Индекс | У26(2)155 |
| 701 #1 - ИМЯ ЛИЦА - АЛЬТЕРНАТИВНАЯ ОТВЕТСТВЕННОСТЬ | |
| Начальный элемент ввода | Фаерман |
| Часть имени, кроме начального элемента ввода | Е. Ю. |
| Расширение инициалов личного имени | Ефим Юльевич |
| 701 #1 - ИМЯ ЛИЦА - АЛЬТЕРНАТИВНАЯ ОТВЕТСТВЕННОСТЬ | |
| Графика поля | Кириллица |
| Материалы, к которым относится поле | rus |
| Начальный элемент ввода | Тарасова |
| Часть имени, кроме начального элемента ввода | Н. А. |
| Дополнения к именам, кроме дат | экономист |
| Даты | 1938- |
| Расширение инициалов личного имени | Наталия Андреевна |
| Системный номер авторитетной/нормативной записи | 4590 |
| Идентификатор авторитетной/нормативной записи | RU\NLR\AUTH\7721528 |
| 701 #1 - ИМЯ ЛИЦА - АЛЬТЕРНАТИВНАЯ ОТВЕТСТВЕННОСТЬ | |
| Графика поля | Кириллица |
| Материалы, к которым относится поле | rus |
| Начальный элемент ввода | Васильева |
| Часть имени, кроме начального элемента ввода | И. А. |
| Дополнения к именам, кроме дат | экономист, доход населения |
| Расширение инициалов личного имени | Ирина Анатольевна |
| Системный номер авторитетной/нормативной записи | 14561 |
| Идентификатор авторитетной/нормативной записи | RU\NLR\AUTH\7731551 |
| 701 #1 - ИМЯ ЛИЦА - АЛЬТЕРНАТИВНАЯ ОТВЕТСТВЕННОСТЬ | |
| Начальный элемент ввода | Фонтана |
| Часть имени, кроме начального элемента ввода | К. А. |
| Расширение инициалов личного имени | Каринэ Аркадьевна |
| 852 ## - МЕСТОНАХОЖДЕНИЕ И ШИФР ХРАНЕНИЯ | |
| Идентификатор организации | NLR |
| Шифр хранения (Call Number) | 2015-4/15927 |
| 942 ## - ДОПОЛНИТЕЛЬНЫЕ ЭЛЕМЕНТЫ ЗАПИСИ (АБИС) | |
| Тип экземпляра АБИС | Книга |
Нет доступных экземпляров.